00318nam a2200121Ia 4500008004100000100001700041245003700058260002700095300000900122650004300131942000700174999001500181190216s9999||||xx |||||||||||||| ||und|| aPasricha P K 0aFirst Course In Computer Science bBpb Publicationsc1996 a502p a"Computer Programming. Programs, Data" cBK c8543d8543